=LDR 00000nam 2200000 4500 =001 INLIS000000000031246 =005 20130612133329 =008 ***********************************Ind** =035 ##$$0010-061300000031246 =041 ##$$a Ind =082 ##$$a 635.9 =090 ##$$a 635.9, Jun j =100 ##$$a Junaedhie, Kurniawan =245 ##$$a Jurus sukses bisnis tanaman hias, Kurniawan Junaedhie; penyunting Lukito AM =260 ##$$a 2007 $b Jakarta =300 ##$$a 59 hlm, ilus, 21 cm =650 ##$$a Tanaman Hias =850 ##$$a NBPNMAT =990 ##$$a 0001/BPAP-NTB/20142015 =990 ##$$a 0001/BPAP-NTB/20142015 =990 ##$$a 0001/BPAP-NTB/20142015 =990 ##$$a 0001/BPAP-NTB/2016